| 000 | 00441nam a2200145 i 4500 | ||
|---|---|---|---|
| 001 | 89579 | ||
| 003 | ES-MaACL | ||
| 007 | t| | ||
| 008 | 050111s1908 fr ||||1| fre d | ||
| 100 | 1 |
_aLaval, Louis. _970683 |
|
| 245 | 1 | 0 |
_aEtude de la Nature juridique du Contrat de travail / _cpar Louis Laval. |
| 260 |
_aVillefranche (Rhône) : _bRéveil du Beaujolais et du sud-est, _c1908. |
||
| 300 |
_a271 p. ; _c25 cm. |
||
| 852 |
_aES-MaACL _jB-4793 |
||
| 999 |
_c89579 _d89579 |
||